00388 2200157 4500001002100000005001500021035002000036245005300056100001900109250000600128300001200134260003800146082000800184084001400192990002400206INLIS00000000000244520250604102644 a0010-06250000311 aBantalku Ombak Selimutku Angin /cD.Zawawi Imron0 aD.Zawawi Imron a1 a155 hlm aYogyakarta :bGama Pustaka,c2000 a813 a813 D.Z b a02.1890 s/d 02.1899